000
00453nam a2200133Ia 4500
008
100328s9999 xx 000 0 und d
082
_b
39191
100
_a
अभ्यंकर कुसुम.
245
_a
जांभ्या दगडाचे डोळे
260
_b
शशीदीप
630
_a
जांभ्या दगडाचे डोळे
730
_a
जांभ्या दगडाचे डोळे
942
_c
BOOK
999
_c
528188
_d
528185